| 000 | 00910nam a22002657a 4500 | ||
|---|---|---|---|
| 999 |
_c12406 _d12406 |
||
| 003 | AR-CdUCM | ||
| 008 | 190408b ||||| |||| 00| 0 spa d | ||
| 040 |
_aMUNICIPALIDAD PROVINCIAL DEL CUSCO _cBIBLIOTECA MUNICIPAL DEL CUSCO |
||
| 082 |
_aES / 985.613 / _bC26 |
||
| 100 |
_aCañari Loaiza, Hilda _930245 |
||
| 245 | _aAnda Warmikuna Kawsayninkumanta Willakunku / | ||
| 260 |
_aCusco : _bCentro Andino de educación y promoción Jose Maria Arguedas, _c2010. |
||
| 300 |
_a84 paginas ; _bIlustraciones, Graficos, Dibujos, _c20 cm. |
||
| 500 | _aTexto en el idioma quechua y español | ||
| 650 |
_aTexto educativo _925832 |
||
| 650 |
_aQuechua _92063 |
||
| 650 |
_aEspañol _97869 |
||
| 650 |
_aCusco _9772 |
||
| 700 |
_aMorante, Cesar _930246 |
||
| 700 |
_aZegarra, Marta _930247 |
||
| 700 |
_aCasos, Victoria _930248 |
||
| 856 | _fwww.cadepjma.org | ||
| 942 |
_2ddc _cLIBROS |
||
| 945 |
_apjha _d2019-04-08 |
||